Fast Typing 1 to 1000 in Binary Numbers - Statistics

General Stats
  • This quiz has been taken 1,076 times
  • The average score is 83 of 1000
Answer Stats
Decimal Binary Number % Correct
1 1
100%
3 11
70%
2 10
67%
7 111
63%
4 100
62%
5 101
59%
15 1111
58%
6 110
56%
10 1010
55%
8 1000
54%
31 11111
54%
21 10101
52%
63 111111
52%
9 1001
51%
11 1011
50%
16 10000
49%
127 1111111
49%
42 101010
48%
13 1101
46%
14 1110
46%
255 11111111
46%
32 100000
45%
12 1100
45%
20 10100
43%
85 1010101
43%
17 10001
42%
18 10010
42%
511 111111111
41%
64 1000000
40%
23 10111
40%
19 10011
39%
170 10101010
39%
22 10110
38%
30 11110
38%
128 10000000
37%
26 11010
37%
33 100001
36%
43 101011
36%
24 11000
36%
37 100101
35%
41 101001
35%
25 11001
35%
27 11011
35%
28 11100
35%
29 11101
35%
256 100000000
34%
34 100010
33%
36 100100
32%
341 101010101
32%
40 101000
31%
39 100111
30%
84 1010100
30%
47 101111
30%
53 110101
30%
62 111110
30%
35 100011
29%
45 101101
29%
48 110000
29%
512 1000000000
28%
38 100110
28%
44 101100
28%
46 101110
28%
52 110100
28%
65 1000001
27%
58 111010
27%
61 111101
27%
682 1010101010
26%
49 110001
26%
51 110011
26%
54 110110
26%
55 110111
26%
56 111000
26%
59 111011
26%
60 111100
26%
74 1001010
25%
82 1010010
25%
50 110010
25%
57 111001
25%
126 1111110
25%
66 1000010
24%
171 10101011
24%
86 1010110
24%
68 1000100
23%
69 1000101
23%
87 1010111
23%
106 1101010
23%
129 10000001
22%
67 1000011
22%
72 1001000
22%
73 1001001
22%
80 1010000
22%
90 1011010
22%
95 1011111
22%
96 1100000
22%
71 1000111
21%
75 1001011
21%
79 1001111
21%
91 1011011
21%
124 1111100
21%
125 1111101
21%
70 1000110
20%
81 1010001
20%
93 1011101
20%
94 1011110
20%
107 1101011
20%
112 1110000
20%
117 1110101
20%
119 1110111
20%
122 1111010
20%
130 10000010
19%
149 10010101
19%
77 1001101
19%
78 1001110
19%
165 10100101
19%
83 1010011
19%
169 10101001
19%
89 1011001
19%
103 1100111
19%
105 1101001
19%
109 1101101
19%
111 1101111
19%
113 1110001
19%
120 1111000
19%
123 1111011
19%
254 11111110
19%
131 10000011
18%
135 10000111
18%
76 1001100
18%
168 10101000
18%
340 101010100
18%
175 10101111
18%
88 1011000
18%
92 1011100
18%
191 10111111
18%
192 11000000
18%
97 1100001
18%
98 1100010
18%
100 1100100
18%
101 1100101
18%
102 1100110
18%
104 1101000
18%
213 11010101
18%
110 1101110
18%
114 1110010
18%
115 1110011
18%
116 1110100
18%
118 1110110
18%
121 1111001
18%
257 100000001
17%
136 10001000
17%
138 10001010
17%
143 10001111
17%
146 10010010
17%
148 10010100
17%
159 10011111
17%
173 10101101
17%
174 10101110
17%
99 1100011
17%
108 1101100
17%
132 10000100
16%
133 10000101
16%
137 10001001
16%
139 10001011
16%
144 10010000
16%
145 10010001
16%
160 10100000
16%
164 10100100
16%
172 10101100
16%
181 10110101
16%
224 11100000
16%
134 10000110
15%
140 10001100
15%
141 10001101
15%
142 10001110
15%
147 10010011
15%
150 10010110
15%
151 10010111
15%
158 10011110
15%
161 10100001
15%
166 10100110
15%
167 10100111
15%
180 10110100
15%
182 10110110
15%
186 10111010
15%
187 10111011
15%
189 10111101
15%
190 10111110
15%
215 11010111
15%
234 11101010
15%
240 11110000
15%
248 11111000
15%
252 11111100
15%
152 10011000
14%
153 10011001
14%
154 10011010
14%
155 10011011
14%
156 10011100
14%
157 10011101
14%
162 10100010
14%
163 10100011
14%
176 10110000
14%
177 10110001
14%
179 10110011
14%
183 10110111
14%
188 10111100
14%
202 11001010
14%
207 11001111
14%
210 11010010
14%
212 11010100
14%
214 11010110
14%
218 11011010
14%
219 11011011
14%
223 11011111
14%
235 11101011
14%
238 11101110
14%
245 11110101
14%
250 11111010
14%
251 11111011
14%
258 100000010
13%
178 10110010
13%
184 10111000
13%
185 10111001
13%
193 11000001
13%
194 11000010
13%
195 11000011
13%
197 11000101
13%
199 11000111
13%
200 11001000
13%
201 11001001
13%
203 11001011
13%
204 11001100
13%
206 11001110
13%
208 11010000
13%
209 11010001
13%
211 11010011
13%
221 11011101
13%
222 11011110
13%
229 11100101
13%
233 11101001
13%
237 11101101
13%
239 11101111
13%
244 11110100
13%
247 11110111
13%
253 11111101
13%
259 100000011
12%
263 100000111
12%
343 101010111
12%
196 11000100
12%
198 11000110
12%
205 11001101
12%
216 11011000
12%
217 11011001
12%
220 11011100
12%
225 11100001
12%
226 11100010
12%
227 11100011
12%
228 11100100
12%
230 11100110
12%
231 11100111
12%
232 11101000
12%
236 11101100
12%
241 11110001
12%
242 11110010
12%
243 11110011
12%
246 11110110
12%
249 11111001
12%
260 100000100
11%
261 100000101
11%
262 100000110
11%
264 100001000
11%
265 100001001
11%
266 100001010
11%
267 100001011
11%
269 100001101
11%
271 100001111
11%
272 100010000
11%
277 100010101
11%
298 100101010
11%
338 101010010
11%
342 101010110
11%
268 100001100
10%
270 100001110
10%
273 100010001
10%
274 100010010
10%
275 100010011
10%
276 100010100
10%
279 100010111
10%
280 100011000
10%
282 100011010
10%
287 100011111
10%
292 100100100
10%
293 100100101
10%
330 101001010
10%
683 1010101011
10%
384 110000000
10%
510 111111110
10%
513 1000000001
9%
278 100010110
9%
281 100011001
9%
283 100011011
9%
284 100011100
9%
285 100011101
9%
286 100011110
9%
288 100100000
9%
289 100100001
9%
290 100100010
9%
291 100100011
9%
296 100101000
9%
297 100101001
9%
299 100101011
9%
319 100111111
9%
320 101000000
9%
331 101001011
9%
339 101010011
9%
351 101011111
9%
294 100100110
8%
295 100100111
8%
300 100101100
8%
301 100101101
8%
302 100101110
8%
303 100101111
8%
307 100110011
8%
309 100110101
8%
318 100111110
8%
325 101000101
8%
328 101001000
8%
329 101001001
8%
336 101010000
8%
681 1010101001
8%
346 101011010
8%
349 101011101
8%
350 101011110
8%
383 101111111
8%
448 111000000
8%
304 100110000
7%
305 100110001
7%
306 100110010
7%
308 100110100
7%
310 100110110
7%
311 100110111
7%
312 100111000
7%
313 100111001
7%
314 100111010
7%
315 100111011
7%
316 100111100
7%
317 100111101
7%
321 101000001
7%
322 101000010
7%
324 101000100
7%
327 101000111
7%
332 101001100
7%
333 101001101
7%
335 101001111
7%
337 101010001
7%
345 101011001
7%
347 101011011
7%
362 101101010
7%
768 1100000000
7%
480 111100000
7%
496 111110000
7%
504 111111000
7%
323 101000011
6%
326 101000110
6%
334 101001110
6%
344 101011000
6%
348 101011100
6%
352 101100000
6%
361 101101001
6%
363 101101011
6%
365 101101101
6%
373 101110101
6%
378 101111010
6%
379 101111011
6%
426 110101010
6%
427 110101011
6%
447 110111111
6%
508 111111100
6%
509 111111101
6%
680 1010101000
5%
685 1010101101
5%
687 1010101111
5%
703 1010111111
5%
353 101100001
5%
354 101100010
5%
355 101100011
5%
356 101100100
5%
357 101100101
5%
358 101100110
5%
359 101100111
5%
360 101101000
5%
367 101101111
5%
374 101110110
5%
381 101111101
5%
382 101111110
5%
767 1011111111
5%
409 110011001
5%
429 110101101
5%
431 110101111
5%
438 110110110
5%
469 111010101
5%
479 111011111
5%
500 111110100
5%
501 111110101
5%
503 111110111
5%
507 111111011
5%
514 1000000010
4%
515 1000000011
4%
516 1000000100
4%
520 1000001000
4%
525 1000001101
4%
527 1000001111
4%
528 1000010000
4%
543 1000011111
4%
546 1000100010
4%
575 1000111111
4%
585 1001001001
4%
586 1001001010
4%
596 1001010100
4%
597 1001010101
4%
639 1001111111
4%
640 1010000000
4%
660 1010010100
4%
661 1010010101
4%
677 1010100101
4%
686 1010101110
4%
702 1010111110
4%
725 1011010101
4%
364 101101100
4%
366 101101110
4%
368 101110000
4%
369 101110001
4%
370 101110010
4%
371 101110011
4%
372 101110100
4%
375 101110111
4%
376 101111000
4%
377 101111001
4%
380 101111100
4%
385 110000001
4%
386 110000010
4%
387 110000011
4%
389 110000101
4%
391 110000111
4%
392 110001000
4%
395 110001011
4%
398 110001110
4%
399 110001111
4%
402 110010010
4%
404 110010100
4%
405 110010101
4%
408 110011000
4%
415 110011111
4%
416 110100000
4%
417 110100001
4%
420 110100100
4%
421 110100101
4%
422 110100110
4%
423 110100111
4%
424 110101000
4%
425 110101001
4%
430 110101110
4%
433 110110001
4%
437 110110101
4%
439 110110111
4%
445 110111101
4%
446 110111110
4%
896 1110000000
4%
449 111000001
4%
450 111000010
4%
451 111000011
4%
452 111000100
4%
453 111000101
4%
455 111000111
4%
458 111001010
4%
462 111001110
4%
464 111010000
4%
466 111010010
4%
468 111010100
4%
470 111010110
4%
471 111010111
4%
474 111011010
4%
475 111011011
4%
477 111011101
4%
478 111011110
4%
481 111100001
4%
489 111101001
4%
490 111101010
4%
491 111101011
4%
493 111101101
4%
494 111101110
4%
495 111101111
4%
497 111110001
4%
498 111110010
4%
499 111110011
4%
502 111110110
4%
505 111111001
4%
506 111111010
4%
517 1000000101
3%
518 1000000110
3%
519 1000000111
3%
521 1000001001
3%
522 1000001010
3%
523 1000001011
3%
524 1000001100
3%
526 1000001110
3%
529 1000010001
3%
530 1000010010
3%
531 1000010011
3%
532 1000010100
3%
533 1000010101
3%
534 1000010110
3%
535 1000010111
3%
536 1000011000
3%
537 1000011001
3%
538 1000011010
3%
539 1000011011
3%
540 1000011100
3%
541 1000011101
3%
542 1000011110
3%
544 1000100000
3%
545 1000100001
3%
547 1000100011
3%
548 1000100100
3%
549 1000100101
3%
550 1000100110
3%
551 1000100111
3%
552 1000101000
3%
553 1000101001
3%
554 1000101010
3%
555 1000101011
3%
556 1000101100
3%
557 1000101101
3%
558 1000101110
3%
559 1000101111
3%
560 1000110000
3%
561 1000110001
3%
562 1000110010
3%
563 1000110011
3%
564 1000110100
3%
565 1000110101
3%
566 1000110110
3%
567 1000110111
3%
568 1000111000
3%
569 1000111001
3%
570 1000111010
3%
571 1000111011
3%
572 1000111100
3%
573 1000111101
3%
574 1000111110
3%
576 1001000000
3%
577 1001000001
3%
578 1001000010
3%
579 1001000011
3%
580 1001000100
3%
581 1001000101
3%
582 1001000110
3%
583 1001000111
3%
584 1001001000
3%
587 1001001011
3%
588 1001001100
3%
589 1001001101
3%
590 1001001110
3%
591 1001001111
3%
592 1001010000
3%
593 1001010001
3%
594 1001010010
3%
595 1001010011
3%
598 1001010110
3%
599 1001010111
3%
602 1001011010
3%
603 1001011011
3%
604 1001011100
3%
605 1001011101
3%
606 1001011110
3%
607 1001011111
3%
608 1001100000
3%
609 1001100001
3%
614 1001100110
3%
615 1001100111
3%
617 1001101001
3%
618 1001101010
3%
619 1001101011
3%
620 1001101100
3%
621 1001101101
3%
624 1001110000
3%
625 1001110001
3%
630 1001110110
3%
631 1001110111
3%
632 1001111000
3%
633 1001111001
3%
638 1001111110
3%
645 1010000101
3%
648 1010001000
3%
649 1010001001
3%
650 1010001010
3%
656 1010010000
3%
657 1010010001
3%
658 1010010010
3%
662 1010010110
3%
663 1010010111
3%
667 1010011011
3%
669 1010011101
3%
671 1010011111
3%
672 1010100000
3%
673 1010100001
3%
674 1010100010
3%
675 1010100011
3%
676 1010100100
3%
678 1010100110
3%
679 1010100111
3%
684 1010101100
3%
691 1010110011
3%
692 1010110100
3%
693 1010110101
3%
694 1010110110
3%
697 1010111001
3%
698 1010111010
3%
699 1010111011
3%
700 1010111100
3%
701 1010111101
3%
704 1011000000
3%
719 1011001111
3%
722 1011010010
3%
723 1011010011
3%
724 1011010100
3%
726 1011010110
3%
727 1011010111
3%
730 1011011010
3%
731 1011011011
3%
746 1011101010
3%
747 1011101011
3%
388 110000100
3%
390 110000110
3%
393 110001001
3%
394 110001010
3%
396 110001100
3%
397 110001101
3%
400 110010000
3%
401 110010001
3%
403 110010011
3%
406 110010110
3%
407 110010111
3%
410 110011010
3%
411 110011011
3%
412 110011100
3%
413 110011101
3%
414 110011110
3%
418 110100010
3%
419 110100011
3%
428 110101100
3%
432 110110000
3%
434 110110010
3%
435 110110011
3%
436 110110100
3%
440 110111000
3%
441 110111001
3%
442 110111010
3%
443 110111011
3%
444 110111100
3%
454 111000110
3%
456 111001000
3%
457 111001001
3%
459 111001011
3%
460 111001100
3%
461 111001101
3%
463 111001111
3%
465 111010001
3%
467 111010011
3%
472 111011000
3%
473 111011001
3%
476 111011100
3%
960 1111000000
3%
482 111100010
3%
483 111100011
3%
484 111100100
3%
485 111100101
3%
486 111100110
3%
487 111100111
3%
488 111101000
3%
492 111101100
3%
992 1111100000
3%
600 1001011000
2%
601 1001011001
2%
610 1001100010
2%
611 1001100011
2%
612 1001100100
2%
613 1001100101
2%
616 1001101000
2%
622 1001101110
2%
623 1001101111
2%
626 1001110010
2%
627 1001110011
2%
628 1001110100
2%
629 1001110101
2%
634 1001111010
2%
635 1001111011
2%
636 1001111100
2%
637 1001111101
2%
641 1010000001
2%
642 1010000010
2%
643 1010000011
2%
644 1010000100
2%
646 1010000110
2%
647 1010000111
2%
651 1010001011
2%
652 1010001100
2%
653 1010001101
2%
654 1010001110
2%
655 1010001111
2%
659 1010010011
2%
664 1010011000
2%
665 1010011001
2%
666 1010011010
2%
668 1010011100
2%
670 1010011110
2%
688 1010110000
2%
689 1010110001
2%
690 1010110010
2%
695 1010110111
2%
696 1010111000
2%
705 1011000001
2%
706 1011000010
2%
707 1011000011
2%
708 1011000100
2%
709 1011000101
2%
710 1011000110
2%
711 1011000111
2%
712 1011001000
2%
713 1011001001
2%
714 1011001010
2%
715 1011001011
2%
716 1011001100
2%
717 1011001101
2%
718 1011001110
2%
720 1011010000
2%
721 1011010001
2%
728 1011011000
2%
729 1011011001
2%
732 1011011100
2%
733 1011011101
2%
734 1011011110
2%
735 1011011111
2%
737 1011100001
2%
738 1011100010
2%
739 1011100011
2%
740 1011100100
2%
741 1011100101
2%
742 1011100110
2%
743 1011100111
2%
744 1011101000
2%
748 1011101100
2%
749 1011101101
2%
750 1011101110
2%
751 1011101111
2%
753 1011110001
2%
756 1011110100
2%
757 1011110101
2%
759 1011110111
2%
760 1011111000
2%
763 1011111011
2%
765 1011111101
2%
766 1011111110
2%
853 1101010101
2%
938 1110101010
2%
993 1111100001
2%
997 1111100101
2%
736 1011100000
1%
745 1011101001
1%
752 1011110000
1%
754 1011110010
1%
755 1011110011
1%
758 1011110110
1%
761 1011111001
1%
762 1011111010
1%
764 1011111100
1%
769 1100000001
1%
770 1100000010
1%
771 1100000011
1%
772 1100000100
1%
773 1100000101
1%
774 1100000110
1%
775 1100000111
1%
776 1100001000
1%
777 1100001001
1%
778 1100001010
1%
779 1100001011
1%
780 1100001100
1%
781 1100001101
1%
782 1100001110
1%
783 1100001111
1%
785 1100010001
1%
791 1100010111
1%
798 1100011110
1%
799 1100011111
1%
810 1100101010
1%
819 1100110011
1%
821 1100110101
1%
831 1100111111
1%
832 1101000000
1%
850 1101010010
1%
852 1101010100
1%
854 1101010110
1%
855 1101010111
1%
858 1101011010
1%
859 1101011011
1%
861 1101011101
1%
863 1101011111
1%
867 1101100011
1%
874 1101101010
1%
875 1101101011
1%
877 1101101101
1%
878 1101101110
1%
883 1101110011
1%
895 1101111111
1%
897 1110000001
1%
928 1110100000
1%
930 1110100010
1%
933 1110100101
1%
937 1110101001
1%
939 1110101011
1%
941 1110101101
1%
943 1110101111
1%
949 1110110101
1%
955 1110111011
1%
958 1110111110
1%
959 1110111111
1%
961 1111000001
1%
980 1111010100
1%
981 1111010101
1%
982 1111010110
1%
983 1111010111
1%
987 1111011011
1%
989 1111011101
1%
990 1111011110
1%
991 1111011111
1%
994 1111100010
1%
995 1111100011
1%
996 1111100100
1%
998 1111100110
1%
999 1111100111
1%
1000 1111101000
1%
784 1100010000
0%
786 1100010010
0%
787 1100010011
0%
788 1100010100
0%
789 1100010101
0%
790 1100010110
0%
792 1100011000
0%
793 1100011001
0%
794 1100011010
0%
795 1100011011
0%
796 1100011100
0%
797 1100011101
0%
800 1100100000
0%
801 1100100001
0%
802 1100100010
0%
803 1100100011
0%
804 1100100100
0%
805 1100100101
0%
806 1100100110
0%
807 1100100111
0%
808 1100101000
0%
809 1100101001
0%
811 1100101011
0%
812 1100101100
0%
813 1100101101
0%
814 1100101110
0%
815 1100101111
0%
816 1100110000
0%
817 1100110001
0%
818 1100110010
0%
820 1100110100
0%
822 1100110110
0%
823 1100110111
0%
824 1100111000
0%
825 1100111001
0%
826 1100111010
0%
827 1100111011
0%
828 1100111100
0%
829 1100111101
0%
830 1100111110
0%
833 1101000001
0%
834 1101000010
0%
835 1101000011
0%
836 1101000100
0%
837 1101000101
0%
838 1101000110
0%
839 1101000111
0%
840 1101001000
0%
841 1101001001
0%
842 1101001010
0%
843 1101001011
0%
844 1101001100
0%
845 1101001101
0%
846 1101001110
0%
847 1101001111
0%
848 1101010000
0%
849 1101010001
0%
851 1101010011
0%
856 1101011000
0%
857 1101011001
0%
860 1101011100
0%
862 1101011110
0%
864 1101100000
0%
865 1101100001
0%
866 1101100010
0%
868 1101100100
0%
869 1101100101
0%
870 1101100110
0%
871 1101100111
0%
872 1101101000
0%
873 1101101001
0%
876 1101101100
0%
879 1101101111
0%
880 1101110000
0%
881 1101110001
0%
882 1101110010
0%
884 1101110100
0%
885 1101110101
0%
886 1101110110
0%
887 1101110111
0%
888 1101111000
0%
889 1101111001
0%
890 1101111010
0%
891 1101111011
0%
892 1101111100
0%
893 1101111101
0%
894 1101111110
0%
898 1110000010
0%
899 1110000011
0%
900 1110000100
0%
901 1110000101
0%
902 1110000110
0%
903 1110000111
0%
904 1110001000
0%
905 1110001001
0%
906 1110001010
0%
907 1110001011
0%
908 1110001100
0%
909 1110001101
0%
910 1110001110
0%
911 1110001111
0%
912 1110010000
0%
913 1110010001
0%
914 1110010010
0%
915 1110010011
0%
916 1110010100
0%
917 1110010101
0%
918 1110010110
0%
919 1110010111
0%
920 1110011000
0%
921 1110011001
0%
922 1110011010
0%
923 1110011011
0%
924 1110011100
0%
925 1110011101
0%
926 1110011110
0%
927 1110011111
0%
929 1110100001
0%
931 1110100011
0%
932 1110100100
0%
934 1110100110
0%
935 1110100111
0%
936 1110101000
0%
940 1110101100
0%
942 1110101110
0%
944 1110110000
0%
945 1110110001
0%
946 1110110010
0%
947 1110110011
0%
948 1110110100
0%
950 1110110110
0%
951 1110110111
0%
952 1110111000
0%
953 1110111001
0%
954 1110111010
0%
956 1110111100
0%
957 1110111101
0%
962 1111000010
0%
963 1111000011
0%
964 1111000100
0%
965 1111000101
0%
966 1111000110
0%
967 1111000111
0%
968 1111001000
0%
969 1111001001
0%
970 1111001010
0%
971 1111001011
0%
972 1111001100
0%
973 1111001101
0%
974 1111001110
0%
975 1111001111
0%
976 1111010000
0%
977 1111010001
0%
978 1111010010
0%
979 1111010011
0%
984 1111011000
0%
985 1111011001
0%
986 1111011010
0%
988 1111011100
0%
No matching quizzes found
Score Distribution
Percent of People with Each Score
Percentile by Number Answered
Your Score History
You have not taken this quiz